01118cam a2200349 i 45000010008000000030004000080050017000120080041000290100017000700200015000870200018001020350012001200400018001320430012001500500021001620820016001831000021001992450086002202500012003062600035003183000033003533360026003863370028004123380027004405040041004676510044005087000039005529060045005919420015006369990015006519520102006662263387OSt20260511103315.0780322s1979 nyua b 000 0 eng  a 78005921  a0023703105 a9780023703102 a2263387 aDLCcDLCdDLC an-us---00aJK274b.L56 197900a320.473 LEV1 aLevine, Erwin L.13aAn introduction to American government /cErwin L. Levine, Elmer E. Cornwell, Jr. a4th ed. aNew York :bMacmillan,cc1979. aix, 309 p. :bill. ;c24 cm. atextbtxt2rdacontent aunmediatedbn2rdamedia avolumebnc2rdacarrier aIncludes bibliographical references. 0aUnited StatesxPolitics and government.1 aCornwell, Elmer E.,ejoint author. a7bcbccorignewd1eocipf19gy-gencatlg 2ddccBOOKS c9710d9710 00102ddc4070a1000b1000d2026-05-11l0o320.473 LEVpLIB003525r2026-05-11w2026-05-11yBOOKS